000 00297nam a2200109Ia 4500
008 200302s9999 xx 000 0 und d
100 _aAhmet Evin
245 _aThe Expanding Metropolis Coping With the Urban Growth of Cairo
260 _bConcept Meedia Pvt. Ltd.
260 _c1984
300 _a238 P.,
999 _c789
_d789